Регионална библиотека "Любен Каравелов" - Русе

Русенски катедрален хор при храм "Света Троица" (Запис номер 33802)

MARC детайли
000 -Лидер
Контролно поле с фиксирана дължина 01502nam a2200409 c 4500
003 - Код на организацията, давaща контролен номер
Контролно поле BLK
005 - Дата и час на последна редакция
Контролно поле 20220211133450.0
008 - Елементи от данни с фиксирана дължина
fixed length control field 180408b bul|||||r ||||||| ||bul||
010 ## - Наследен системен номер
LC control number KNG00036495000
020 ## - Международен стандартен номер на книга ISBN
Международен стандартен номер на книга ISBN 954-9548-22-8
040 ## - Източник на каталожния запис
Идентификатор на билиотеката - собственик на записа BLK
041 ## - Код за език
Код за езика на текст/звукозапис или на отделно заглавие Български
Код за езика КДБФ Български
072 #7 - Код за тематичната категория
Код организация bullib
Код за тематична категория К
Текст Краезнание
072 #7 - Код за тематичната категория
Код организация bullib
Код за тематична категория Я
Текст Автографи
080 ## - УДК
Текстов определител УДК Църковна музика. Религиозна музика
УДК код - определител по УДК 783
УДК определител .087.68(497.215)(091)
УДК - код + определител 783.087.68(497.215)(091)
100 1# - Редна дума - Автор
Автор Станев, Николай Пенчев
Авторска отговорност първи автор
R(LIN) 273255
139 ## - Редно поле
Редна дума Станев, Николай Пенчев
Авторски знак Стан - С 68
245 10 - Сведения за заглавието
Заглавие Русенски катедрален хор при храм "Света Троица"
Редно поле (дума) Николай Пенчев Станев.
257 ## - Страна на издаване
Страна на създаване/издаване България
260 ## - Област на издателските данни
Име на издателя, разпространителя и проч. Авангард принт
Година на издаване 2000
300 ## - Физическа характеристика
Страници 84 с.
Илюстрации и др. със сн.
Размери/Мащаб 20 см
380 ## - Жанр
Жанр Изкуство
500 ## - Общи забележки
Забележка Офс. изд. - 500 тир. - Библиогр. с. 83
504 ## - Забележка за наличие на библиография и др
Забележка за наличие на библиография и под. 83
650 #4 - Допълнително описание по предмет – тема
Основно описание – тема или топоним Хорове, църковни - Русе - история
9 (RLIN) 273256
653 ## - Ключова дума – ненормативна
Ключова дума църковни хорове
653 ## - Ключова дума – ненормативна
Ключова дума Русе
653 ## - Ключова дума – ненормативна
Ключова дума история
653 ## - Ключова дума – ненормативна
Ключова дума България
659 ## - Тематичен бюлетин
Тематичен бюлетин К
659 ## - Тематичен бюлетин
Тематичен бюлетин Я
852 ## - Местоположение
Форматна сигнатура Цб 208956
852 ## - Местоположение
Форматна сигнатура К 78/С 68 Н
856 4# - Електронен адрес и достъп
Електронен формат pdf - файл
856 4# - Електронен адрес и достъп
Електронен формат pdf - файл
999 ## - СИСТЕМНИ КОНТРОЛНИ НОМЕРА
Koha biblionumber 33802
Koha biblioitemnumber 33802
942 ## - АРТИКУЛИ
Вид на библиотечния материал Книги
Скрит в OPAC Не
Периодичен библиозапис Да
944 ## - СЪЗДАВАНЕ И РЕДАКЦИЯ на ЗАПИСА
Създаване/Редакция Създаване
Дата на регистрацията/редакция 08.05.2003
Служител, извършил регистрацията/редакцията Ирена_Линкова
944 ## - СЪЗДАВАНЕ И РЕДАКЦИЯ на ЗАПИСА
Създаване/Редакция Редакция
Дата на регистрацията/редакция 24.08.2016
Служител, извършил регистрацията/редакцията Виолета_Тройчева
999 ## - СИСТЕМНИ КОНТРОЛНИ НОМЕРА
Koha biblioitemnumber 33802
Наличности
Код за отписване Код за изгубен артикул Източник на класификационната схема Код за повреда Коз за рестрикции Код за отдаване Артикулен № Име на библиотеката - собственик Име на библиотеката, в която се намира в момента Статус (Текущо местоположение) Дата на вписване в системата Местоположение - отдел Цена в лева Инвентарен номер Систематично азбучна сигнатура Баркод Номер на екземпляра Цена в евро Служебна бележка Служебен тип на артикула Номерация (Хронология)
  Не е изгубен Universal Decimal Classification Не е повреден без рестрикции заемане за дома 53809 Регионална библиотека "Любен Каравелов" Русе Регионална библиотека "Любен Каравелов" Русе Отдел Изкуство - подръчен фонд 2001-01-01 Отдел Изкуство - подръчен фонд 1.00 664209 78(497.2)/С 68 120000664209 1 0.51 Дост: Pk Вид: Ф N: стар фонд Дата: 01.01.2001 Дата инв: 03.04.2017 Бележки инв: ИП2017 Книги  
  Не е изгубен Universal Decimal Classification Не е повреден без рестрикции заемане за дома 53810 Регионална библиотека "Любен Каравелов" Русе Регионална библиотека "Любен Каравелов" Русе Отдел Изкуство - подръчен фонд 2001-01-01 Отдел Изкуство - подръчен фонд 1.00 664210 783/С 68 120000664210 2 0.51 Дост: Pk Вид: Ф N: стар фонд Дата: 01.01.2001 Дата инв: 20.06.2012 Бележки инв: * Книги  
  Не е изгубен Universal Decimal Classification Не е повреден само за читалня ползва се в читалня 53811 Регионална библиотека "Любен Каравелов" Русе Регионална библиотека "Любен Каравелов" Русе Краезнание 2001-01-01 Краезнание 1.00 664211 К 78/С 68 Н 120000664211 3 0.51 Дост: Pk Вид: Ф N: стар фонд Дата: 01.01.2001 Дата инв: 10.11.2017 Бележки инв: К2017 Книги  
Изтеглен Не е изгубен Universal Decimal Classification Не е повреден без рестрикции заемане за дома 53812 Регионална библиотека "Любен Каравелов" Русе Регионална библиотека "Любен Каравелов" Русе Отдел Изкуство - подръчен фонд 2002-04-17 Отдел Изкуство - подръчен фонд 3.00 120000669586 78(497.2)/С 68 120000669586 4 1.53 Дост: DA Вид: А N: 13 Дата: 16.04.2002 Дата инв: 03.04.2017 Бележки инв: ИП2017 Книги  
Изтеглен Не е изгубен Universal Decimal Classification Не е повреден без рестрикции заемане за дома 53813 Регионална библиотека "Любен Каравелов" Русе Регионална библиотека "Любен Каравелов" Русе Отдел Изкуство - подръчен фонд 2002-06-28 Отдел Изкуство - подръчен фонд 3.00 120000670892 78(497.2)/С 68 120000670892 5 1.53 Дост: DA Вид: А N: 25 Дата: 28.06.2002 Дата инв: 03.04.2017 Бележки инв: ИП2017 Книги  
  Не е изгубен Universal Decimal Classification Не е повреден само за читалня ползва се в читалня 53814 Регионална библиотека "Любен Каравелов" Русе Регионална библиотека "Любен Каравелов" Русе Хранилище 2002-09-10 Хранилище 3.00 120000672036 Цб 208956 120000672036 6 1.53 Дост: Dp Вид: Д N: 7 Дата: 05.02.2002 Книги  
  Не е изгубен Universal Decimal Classification Не е повреден само за читалня ползва се в читалня 53815 Регионална библиотека "Любен Каравелов" Русе Регионална библиотека "Любен Каравелов" Русе Хранилище 2008-10-31 Основен фонд - ползва се само за читалня 3.00 120000731016 Цб 208956 120000731016 7 1.53 Дост: DA Вид: А N: 13 Дата: 31.10.2008 Книги Автограф: Николай Станев
Vip Innovations Ltd, Rousse, Bulgaria 2025